=LDR 00000nam 2200000 4500 =001 INLIS00000000000070 =005 20260702043538 =020 ##$$a 978-623-5269-03-0 =082 ##$$a 006.584 =100 1#$$a Purwantiningsih =245 1 $$a Optimalkan Potensi Untuk Wujudkan Mimpi /$c Purwantiningsih =300 ##$$a vi+186 hlm. ; 14 x 20 cm